Dimensi antarabangsa tabiat organisasi / (Record no. 1438)

000 -LEADER
fixed length control field nam a22 a 4500
003 - CONTROL NUMBER IDENTIFIER
control field AKMAL
005 - DATE AND TIME OF LATEST TRANSACTION
control field 20170509151208.0
008 - FIXED-LENGTH DATA ELEMENTS--GENERAL INFORMATION
fixed length control field 170509s1998 my 00 may d
020 ## - INTERNATIONAL STANDARD BOOK NUMBER
International Standard Book Number 9835200971 (kkt.):
Terms of availability RM 25.00
039 #9 - LEVEL OF BIBLIOGRAPHIC CONTROL AND CODING DETAIL [OBSOLETE]
Level of rules in bibliographic description 200804151039
Level of effort used to assign nonsubject heading access points ninaliza
Level of effort used to assign subject headings 200804091807
Level of effort used to assign classification anizam
Level of effort used to assign subject headings 200505191228
Level of effort used to assign classification mariati
040 ## - CATALOGING SOURCE
Original cataloging agency AKMAL
Transcribing agency AKMAL
049 00 - LOCAL HOLDINGS (OCLC)
Holding library klpmal
082 04 - DEWEY DECIMAL CLASSIFICATION NUMBER
Classification number 302.35 ADL
Edition number 21
090 00 - LOCALLY ASSIGNED LC-TYPE CALL NUMBER (OCLC); LOCAL CALL NUMBER (RLIN)
Classification number (OCLC) (R) ; Classification number, CALL (RLIN) (NR) 302.35
Local cutter number (OCLC) ; Book number/undivided call number, CALL (RLIN) ADL
090 20 - LOCALLY ASSIGNED LC-TYPE CALL NUMBER (OCLC); LOCAL CALL NUMBER (RLIN)
Classification number (OCLC) (R) ; Classification number, CALL (RLIN) (NR) 302.35
Local cutter number (OCLC) ; Book number/undivided call number, CALL (RLIN) ADL
100 1# - MAIN ENTRY--PERSONAL NAME
Personal name Adler, Nancy J.
9 (RLIN) 2841
245 10 - TITLE STATEMENT
Title Dimensi antarabangsa tabiat organisasi /
Statement of responsibility, etc. Nancy J.Adler ; penterjemah Ahmad Zaidi Bahari, Wan Khairuzzaman Wan Ismail
260 ## - PUBLICATION, DISTRIBUTION, ETC.
Place of publication, distribution, etc. Skudai, Johor :
Name of publisher, distributor, etc. Penerbit UTM,
Date of publication, distribution, etc. 1998
270 ## - ADDRESS
Address Penerbit Universiti Teknologi Malaysia
-- No.34-38, Jalan Kebudayaan 1, Taman Universiti,
City Johor
State or province Skudai
Postal code 81300
Telephone number 6-07-5218132
Fax number 6-07-5218174
Electronic mail address www.utm.my
Contact person Yosman b. Mohd Bain
300 ## - PHYSICAL DESCRIPTION
Extent xviii, 352ms. :
Other physical details il. ;
Dimensions 21cm.
500 ## - GENERAL NOTE
General note Terjemahan dari: International dimensions of organizational behavior
504 ## - BIBLIOGRAPHY, ETC. NOTE
Bibliography, etc. note Mengandungi rujukan bibliografi
650 #0 - SUBJECT ADDED ENTRY--TOPICAL TERM
Topical term or geographic name entry element Organizational behaviour
General subdivision Cross-cultural studies
9 (RLIN) 2842
650 #0 - SUBJECT ADDED ENTRY--TOPICAL TERM
Topical term or geographic name entry element Organizational behavior
9 (RLIN) 565
700 0# - ADDED ENTRY--PERSONAL NAME
Personal name Ahamad Zaidi Bahari
9 (RLIN) 2843
700 0# - ADDED ENTRY--PERSONAL NAME
Personal name Wan Khairuzzaman Wan Ismail
9 (RLIN) 2844
942 ## - ADDED ENTRY ELEMENTS (KOHA)
Source of classification or shelving scheme
Koha item type Book
Holdings
Withdrawn status Lost status Source of classification or shelving scheme Damaged status Not for loan Collection code Home library Current library Date acquired Inventory number Total Checkouts Full call number Barcode Date last seen Price effective from Koha item type
          NON-FICTION AKMAL Melaka AKMAL Melaka 09.05.2017 304225   302.35 ADL 201702698 09.05.2017 09.05.2017 Book
Pusat Sumber Maklumat Dato' Haji Sarmin Md Hussin, Akademi Kastam Diraja Malaysia, Melaka
Tel: 06-2331106 | Faks: 06-2313787